Statistiques concernant 20 pays par forme en 90 secondes

Cliquez ici pour prendre le quiz!

Statistiques générales

  • Ce quiz a été pris 70 fois
  • Le résultat moyen est 9 sur 20

Statistiques - réponses

Réponse% Correct
Afrique du sud
100%
Algérie
100%
Allemagne
100%
Benin
100%
Bulgarie
100%
Canada
100%
Chili
100%
Chine
100%
Chypre
100%
Croatie
100%
Egypte
100%
Etats-Unis
100%
Finlande
100%
France
100%
Inde
100%
Indonésie
100%
Islande
100%
Italie
100%
Japon
100%
Kosovo
100%
Libye
100%
Madagascar
100%
Maroc
100%
Mexique
100%
Norvège
100%
Roumanie
100%
Royaume-Uni
100%
Russie
100%
Sénégal
100%
Soudan
100%
Suisse
100%
Vietnam
100%
Yémen
100%
Somalie
88%
Panama
86%
Australie
83%
Philippines
83%
Angola
80%
Arabie saoudite
80%
Emirats arabes unis
80%
Grèce
80%
Laos
80%
Oman
80%
Slovaquie
80%
Tchad
80%
Tunisie
80%
Argentine
75%
Espagne
75%
Gambie
75%
Israël
75%
Mali
75%
Micronésie
75%
Mozambique
75%
Suède
75%
Ethiopie
71%
Turquie
71%
Afghanistan
67%
Belgique
67%
Belize
67%
Brésil
67%
Cuba
67%
Haïti
67%
Kirghizistan
67%
Mongolie
67%
Nouvelle-Zélande
67%
Ouzbekistan
67%
Pakistan
67%
Thaïlande
67%
Pologne
63%
Danemark
60%
Lettonie
60%
Mauritanie
60%
Paraguay
60%
Pérou
60%
Venezuela
60%
Autriche
50%
Cameroun
50%
Corée du Sud
50%
Côte d'Ivoire
50%
Guinée
50%
Koweït
50%
Malaisie
50%
Monaco
50%
Namibie
50%
Nicaragua
50%
Niger
50%
Nigeria
50%
Palestine
50%
Pays-Bas
50%
Portugal
50%
Serbie
50%
Slovénie
50%
Syrie
50%
Tchéquie
50%
Ukraine
50%
Vatican
50%
Erythrée
43%
Moldavie
43%
Cap-Vert
40%
Kazakhstan
40%
Libéria
40%
Macédoine du Nord
40%
Myanmar
40%
Papouasie-Nouvelle-Guinée
40%
République du Congo
40%
Burkina Faso
38%
Ghana
38%
Trinité-et-Tobago
38%
Albanie
33%
Biélorussie
33%
Botswana
33%
Corée du Nord
33%
Guinée équatoriale
33%
Irlande
33%
Liechtenstein
33%
Népal
33%
Turkménistan
33%
Géorgie
29%
Malte
29%
Bosnie-Herzégovine
25%
Brunéi Darussalam
25%
Burundi
25%
Estonie
25%
Irak
25%
Jamaïque
25%
Jordanie
25%
Lituanie
25%
Ouganda
25%
Soudan du Sud
25%
Sri lanka
25%
Uruguay
25%
Antigua-et-Barbuda
20%
Bahamas
20%
République centrafricaine
20%
Azerbaïdjan
17%
Costa Rica
17%
Sierra leone
17%
Barbade
14%
Fidji
14%
Kenya
13%
Andorre
0%
Arménie
0%
Bahreïn
0%
Bangladesh
0%
Bhoutan
0%
Bolivie
0%
Botswana
0%
Cambodge
0%
Colombie
0%
Comores
0%
Djibouti
0%
Dominique
0%
El Salvador
0%
Equateur
0%
Eswatini
0%
Gabon
0%
Grenade
0%
Guatemala
0%
Guinée-Bissau
0%
Guyana
0%
Honduras
0%
Hongrie
0%
Île Maurice
0%
Îles Marshall
0%
Îles Salomon
0%
Iran
0%
Kiribati
0%
Lesotho
0%
Liban
0%
Luxembourg
0%
Malawi
0%
Maldives
0%
Monténégro
0%
Nauru
0%
Palaos
0%
Qatar
0%
République démocratique du Congo
0%
République dominicaine
0%
Rwanda
0%
Saint-Christophe-et-Niévès
0%
Sainte-Lucie
0%
Saint-Marin
0%
Saint-Vincent et les Grenadines
0%
Samoa
0%
Sao Tomé-et-Principe
0%
Seychelles
0%
Singapour
0%
Suriname
0%
Tadjikistan
0%
Tanzanie
0%
Timor oriental
0%
Togo
0%
Tonga
0%
Tuvalu
0%
Vanuatu
0%
Zambie
0%
Zimbabwe
0%

Distribution des résultats

Percentile par nombre de réponses

% des personnes avec chaque résultat

Votre développement - résultats

Vous n’avez pas pris ce quiz